Missing Word: April Days Quiz Stats

Quiz Updated Apr 29, 2016

Challenge
Share
Tweet
Embed
Score 0/30 Timer 05:00
0 Plays Today
Hint Answer % Correct
April _____ DayFools'
99.6%
National Peanut Butter and _____ DayJelly
97.5%
National _____ Your Pajamas to Work DayWear
96.3%
East Meets _____ DayWest
96.1%
Blah Blah _____ DayBlah
96%
Take Our Daughters and _____ to Work DaySons
96%
In God We _____ DayTrust
95.9%
Morse _____ DayCode
95.5%
_____ Jefferson DayThomas
94.1%
Look Up at the _____ DaySky
93.8%
Grilled _____ Sandwich DayCheese
93.5%
Salvation _____ Founder's DayArmy
93.5%
National Pigs-in-a-_____ DayBlanket
93.5%
The Church of Jesus Christ of Latter-Day _____ DaySaints
92.7%
_____ for Broke DayGo
90.5%
Hint Answer % Correct
Winston _____ DayChurchill
90.4%
Draw a _____ of a Bird DayPicture
88.8%
Don't Go to _____ Unless It's Fun DayWork
87.9%
_____ a Chance DayTake
87.2%
Barbershop _____ DayQuartet
85.6%
Take a _____ Guess DayWild
80.4%
Remember Your _____ Kiss DayFirst
79.4%
National _____ Upside-Down Cake DayPineapple
78.1%
National _____ Scampi DayShrimp
77.9%
Bugs _____ DayBunny
77.4%
National _____ Benedict DayEggs
76%
National Surprise Drug _____ DayTest
66%
Metric _____ DaySystem
50.2%
_____ C DayVitamin
48.9%
National Hanging _____ DayOut
39.4%

Today's Daily Dose

You're not logged in!

Compare scores with friends on all Sporcle quizzes.
Sign Up with Email
OR
Log In

You Might Also Like...

Show Comments

Extras

Top Quizzes Today


Score Distribution

Your Account Isn't Verified!

In order to create a playlist on Sporcle, you need to verify the email address you used during registration. Go to your Sporcle Settings to finish the process.